| 000 | 01526nam a2200277Ia 4500 | ||
|---|---|---|---|
| 999 |
_c37707 _d37707 |
||
| 001 | 3681 | ||
| 003 | GE_BSU | ||
| 005 | 20190625160341.0 | ||
| 008 | 181216s2011||||ge |||||||||||||| ||geo|| | ||
| 020 | _a9789941918179 | ||
| 040 | _cGE_BSU | ||
| 041 | _ageo | ||
| 080 | _a342.4(430) შ–58 | ||
| 100 |
_aშვაბე, იურგენ _92900 |
||
| 245 |
_aგერმანიის ფედერალური საკონსტიტუციო სასამართლოს გადაწყვეტილებები / _cიურგენ შვაბე / მთარგმნ. ეთერ ჩაჩანიძე ; სამეცნ. რედ.: კონსტანტინე კუბლაშვილი და სხვ. |
||
| 264 |
_aთბილისი, _c2011. |
||
| 300 |
_a463 გვ.; _b23 სმ. |
||
| 501 | _aდანართები: გვ. 461-463. | ||
| 653 | _aგერმანიის საკონტიტუციო სასამართლო | ||
| 700 |
_aჩაჩანიძე, ეთერ _eმთარგმნელი _92901 |
||
| 700 |
_aკუბლაშვილი, კონსტანტინე _eრედაქტორი _9197 |
||
| 700 |
_aნინიძე, თევდორე _eრედაქტორი _92902 |
||
| 700 |
_aლოლაძე, ბესო _eრედაქტორი _92903 |
||
| 700 |
_aერემაძე, ქეთევან _eრედაქტორი _92904 |
||
| 942 |
_cBK _2udc |
||